000 00771cam1a220020500 4500
001 qce01657507
005 20190830124600.0
008 721005r19681894nyu eng u
035 _a(Sirsi) r30463
035 _a(QCAT)lss00301324
035 _a(UPRA)qce01657507
040 _dUPRA
100 1 _aLangston, John Mercer, 1829-1897.
_dLangston, John Mercer, 1829-1897.
_6A94912.1
245 1 0 _aFrom the Virginia plantation to the National Capitol, or, The first and only Negro representative in Congress from the Old Dominion.
260 _aNew York :
_bJohnson Reprint Corp.,
_c[1968, 1894]
490 0 _aBasic Afro-American Reprint Library
_6S21774.2
500 _aReprint of the 1894 ed.
949 _aE185.97
_wlcc
_i-34247
_mMAIN
_tBOOK
_lON-SHELF
004 30463
999 _c201213
_d201213